|
|
|
|
| LEADER |
00000nam a2200000 4500 |
| 001 |
vtls012083320 |
| 003 |
SK-MaSNL |
| 005 |
20260301220141.0 |
| 008 |
251112s1488 sz 001 0 lat |
| 015 |
|
|
|a SNBHFA
|
| 038 |
|
|
|a SNKHF
|
| 040 |
|
|
|a SNK
|b slo
|c SNK
|e rda
|
| 041 |
0 |
|
|a lat
|
| 044 |
|
|
|a sz
|c CH
|
| 072 |
|
7 |
|a 27-46/-48
|x Pastorálna teológia
|2 konspekt
|
| 080 |
|
|
|a 2-46
|2 2011
|
| 100 |
1 |
|
|a Meffreth,
|d činný 1443-1447
|4 aut
|9 444500
|
| 240 |
1 |
0 |
|a Sermones de tempore et de sanctis, sive Hortulus reginae
|
| 245 |
0 |
0 |
|a Sermones Meffreth alias portulus regine pars hiemalis
|
| 264 |
|
1 |
|a Basiliensium
|b Nicolou Kessler
|c Anno salutis post Millesimu[m] queter[que] centesimu[m] octuagesimooctauo. Die vo vicesimaqrta Mau. (24.5.1488)
|
| 300 |
|
|
|a "a"-"j10", zachovaných 383 fólií
|c 2° (31x22 cm)
|
| 336 |
|
|
|a text
|b txt
|2 rdacontent
|
| 337 |
|
|
|a bez média
|b n
|2 rdamedia
|
| 338 |
|
|
|a zväzok
|b nc
|2 rdacarier
|
| 510 |
4 |
|
|a Kotvan
|c 837
|
| 510 |
4 |
|
|a Kotvan - Frimmová
|c 334
|
| 510 |
4 |
|
|a ISTC
|c im00444500
|
| 510 |
4 |
|
|a GW
|c M22652
|
| 546 |
|
|
|a Latinčina
|
| 561 |
|
|
|a Proveniencia: V tretej časti na fóliu "B6" je skoro nečitateľný rukopisný exlibris: Ex libris Michaelis Francisci Pintary de Gisen. Text doplnený na základe doterajšieho spracovnia.
|5 SNK Inc B 88:I,III.
|
| 561 |
|
|
|a V tretej časti na fóliu "B6" rukopisný exlibris: Ex libris Michaelis Wagner Kocheris Boenj. Text doplnený na základe doterajšieho spracovnia.
|5 SNK Inc B 88:I,III.
|
| 561 |
|
|
|a Proveniencia: Tlač bola do roku 1975 uložená v Miestnom pracovisku MS v Bratislave, kde mala signatúru Inc 160.
|5 SNK Inc B 88:I,III.
|
| 562 |
|
|
|a Defekt: Tretia časť sa záčina na fóliu: "B6" a chýbajú fólia "B10"-"B12" a "S4".
|5 SNK Inc B 88:I,III.
|
| 562 |
|
|
|a Iniciálky sú červenou alebo zelenou farbou, rubrikovanie realizované červenou, zelené i žltou farbou. Iniciálka na fóliu "a2" ralizovaná červenou, žltou a zelenou farbou s florálnou výzdobou na margu.
|5 SNK Inc B 88:I,III.
|
| 563 |
|
|
|a Väzba: nová kožená väzba.
|5 SNK Inc B 88:I,III.
|
| 650 |
0 |
7 |
|a pastorálna teológia
|2 SNKPH
|9 1811
|
| 700 |
1 |
|
|a Pintary de Gisen, Michael Franciscus
|4 fmo
|9 606927
|
| 700 |
1 |
|
|a Wagner, Michaelis
|4 fmo
|9 606928
|
| 700 |
1 |
|
|a Kesler, Nicolaus,
|d asi 1445-asi 1519
|4 prt
|9 442444
|
| 710 |
2 |
|
|a Františkáni (Bratislava, Slovensko)
|4 fmo
|9 281881
|
| 752 |
|
|
|a Švajčiarsko
|d Bazilej
|
| 852 |
|
|
|a snk
|b Historické fondy
|p Inc B 88:I,III.
|
| 958 |
|
|
|a ONDV
|
| 999 |
|
|
|c 930779
|d 932709
|
| 952 |
|
|
|t Inc B 88:I,III.
|a SNK
|b SNK
|y PREZ
|7 0
|p 17A1398569
|o snkInc B 88:I,III.
|i snk1976/1205
|8 5
|0 0
|1 0
|4 0
|d 2022-01-14
|f 1
|l 0
|r 2026-02-24 08:47:21
|w 2026-02-24
|